Damián Campeny Estrany, escultor de cámara de Fernando VII y figura máxima del arte neoclásico / Lluís Soler i Fonrodona
Publicado:
San Jorge, núm. 82 (2n trimestre 1971), pàg. 47 - 48 :
Materias:
Campeny Estrany, Damià
MARC
| LEADER | 00000nam a2200000Ia 4500 | ||
|---|---|---|---|
| 001 | |||
| 008 | 160829s9999 xx 000 0 cat d | ||
| 100 | |a Soler i Fonrodona, Lluís |9 40203 | ||
| 245 | |a Damián Campeny Estrany, escultor de cámara de Fernando VII y figura máxima del arte neoclásico / Lluís Soler i Fonrodona | ||
| 260 | |a San Jorge, núm. 82 (2n trimestre 1971), pàg. 47 - 48 | ||
| 650 | |a Campeny Estrany, Damià |9 40164 | ||
| 901 | |a Arxiu | ||
| 942 | |n 1 | ||
| 952 | |0 0 |1 0 |4 0 |7 1 |9 52894 |a Arxiu |b Arxiu |d 2016-12-01 |l 0 |r 2016-12-01 00:00:00 |w 2016-12-01 |y ARXIU | ||
| 999 | |c 56743 |d 56743 | ||